[Event "GBR-ch Major 105th"]
[Site "Hull"]
[Date "2018.08.03"]
[Round "7"]
[White "Warren, Alexander"]
[Black "Turner, Tim M"]
[Result "1-0"]
[WhiteElo "2011"]
[BlackElo "1805"]
[PlyCount "129"]
[EventDate "2018.07.28"]
[EventType "swiss"]
[EventRounds "9"]
[EventCountry "ENG"]
[SourceTitle "CBM 185 Extra"]
[Source "ChessBase"]
[SourceDate "2018.07.29"]
[SourceVersion "1"]
[SourceVersionDate "2018.07.29"]
[SourceQuality "1"]

1. d4 Nf6 2. Bf4 g6 3. Nc3 d5 4. e3 Bg7 5. h4 h5 6. Nb5 Na6 7. Nf3 c6 8. Nc3 Bg4 9. Bxa6 bxa6 10. Na4 Qa5+ 11. c3 Nd7 12. 0-0 0-0 13. Qb3 Bxf3 14. gxf3 e5 15. Bg3 Kh7 16. Qb7 Rfd8 17. Qxc6 Rac8 18. b4 Rxc6 19. bxa5 Rc4 20. Nb2 Rxc3 21. dxe5 Nxe5 22. Kg2 Rc2 23. Rab1 Nxf3 24. Kxf3 Bxb2 25. Rfd1 Rd7 26. e4 dxe4+ 27. Kxe4 Rc4+ 28. Kf3 Rxd1 29. Rxd1 Kg7 30. Rd6 Bf6 31. Rxa6 Bxh4 32. Be5+ Kh6 33. Rxa7 f6 34. Bc7 Rc3+ 35. Kg2 Rc2 36. Bb6 Rxa2 37. Ra8 Bg5 38. a6 Bf4 39. a7 Kg5 40. Rg8 Kf5 41. a8Q Rxa8 42. Rxa8 g5 43. Bd4 g4 44. Ra5+ Kg6 45. Ra6 Bg5 46. Kg3 Kf5 47. Ra5+ Ke4 48. Bxf6 h4+ 49. Kxg4 Bxf6 50. f4 Ke3 51. Re5+ Kf2 52. Re6 Bd8 53. Rh6 Ke3 54. f5 Ke4 55. Re6+ Kd5 56. Re2 Kd6 57. Kh5 Kd7 58. Kg6 Bc7 59. Re3 Bb6 60. Re4 Bf2 61. Re2 Bb6 62. Rh2 Bd8 63. f6 Ke6 64. f7 Be7 65. Rxh4 1-0